[Event "EU-ch U20"]
[Site "Aviles"]
[Date "2000.08.20"]
[Round "5"]
[White "Pert, Nicholas"]
[Black "Jenni, Florian"]
[Result "1/2-1/2"]
[WhiteElo "2455"]
[BlackElo "2440"]
[EventDate "2000.08.18"]
[PlyCount "59"]

1.d4 Nf6 2.c4 g6 3.g3 Bg7 4.Bg2 d6 5.Nc3 O-O 6.e3 c6 7.Nge2 e5 8.h3 Re8 9.
b3 exd4 10.Nxd4 Nbd7 11.O-O Nc5 12.Qc2 Qe7 13.Bb2 a5 14.a3 Nh5 15.b4 axb4 
16.axb4 Na6 17.Qd2 Bd7 18.b5 Nb4 19.Ba3 Nxg3 20.Rfd1 c5 21.Bxb4 Rxa1 22.
Rxa1 cxd4 23.exd4 Nf5 24.Nd5 Qh4 25.Qf4 Qxf4 26.Nxf4 Bxd4 27.Rd1 Rc8 28.
Bd5 g5 29.Ne2 Be5 30.Bc3 1/2-1/2

[Event "EU-ch U20"]
[Site "Aviles"]
[Date "2000.08.20"]
[Round "5"]
[White "Halkias, Stelios"]
[Black "Bursteinas, Romanas"]
[Result "1-0"]
[WhiteElo "2502"]
[BlackElo "2391"]
[EventDate "2000.08.18"]
[PlyCount "83"]

1.d4 Nf6 2.Nf3 c5 3.e3 g6 4.c4 Bg7 5.Nc3 O-O 6.Be2 d5 7.O-O cxd4 8.exd4 
dxc4 9.Bxc4 Bg4 10.h3 Bxf3 11.Qxf3 Nc6 12.d5 Ne5 13.Qe2 Nxc4 14.Qxc4 Qd7 
15.Rd1 Rfd8 16.a4 Ne8 17.Qb3 Nd6 18.a5 Rac8 19.Bg5 Nf5 20.Qb4 Qd6 21.Qxd6 
Rxd6 22.g4 Nd4 23.Bxe7 Rd7 24.d6 Nf3+ 25.Kg2 Bxc3 26.bxc3 Ne5 27.Rd5 Nc4 
28.Rb1 Rc6 29.Rxb7 Rxb7 30.d7 Rb8 31.d8=Q+ Rxd8 32.Rxd8+ Kg7 33.g5 f5 34.
Bf6+ Kf7 35.Rd7+ Ke6 36.Rxa7 h6 37.h4 hxg5 38.hxg5 f4 39.a6 Kf5 40.Ra8 Kg4
41.f3+ Kf5 42.Bd4 1-0

[Event "EU-ch U20"]
[Site "Aviles"]
[Date "2000.08.20"]
[Round "5"]
[White "Berg, Emanuel"]
[Black "Guseinov, Gadir"]
[Result "1-0"]
[WhiteElo "2456"]
[BlackElo "2421"]
[EventDate "2000.08.18"]
[PlyCount "73"]

1.e4 c5 2.Nf3 Nc6 3.d4 cxd4 4.Nxd4 g6 5.Nc3 Bg7 6.Be3 Nf6 7.Bc4 O-O 8.Bb3 
a5 9.O-O d6 10.f3 Nxd4 11.Bxd4 Bd7 12.a4 Bc6 13.Nd5 Nd7 14.Bxg7 Kxg7 15.
Qd4+ Kg8 16.Rfe1 Nc5 17.Re3 Rc8 18.Nc3 Qb6 19.Nd5 Qd8 20.Kh1 Nxb3 21.Rxb3 
Bxd5 22.exd5 Rxc2 23.Rxb7 Re8 24.h3 Qc8 25.Rb5 e5 26.dxe6 Rxe6 27.Rg1 Ree2
28.Qxd6 Rxb2 29.Rc5 Qe8 30.Rgc1 Re1+ 31.Rxe1 Qxe1+ 32.Kh2 Qe8 33.Rxa5 
Rxg2+ 34.Kxg2 Qe2+ 35.Kg3 Qe1+ 36.Kf4 g5+ 37.Rxg5+ 1-0

[Event "EU-ch U20"]
[Site "Aviles"]
[Date "2000.08.20"]
[Round "5"]
[White "Bekker-Jensen, Simon"]
[Black "Smirnov, Pavel"]
[Result "0-1"]
[WhiteElo "2388"]
[BlackElo "2487"]
[EventDate "2000.08.18"]
[PlyCount "72"]

1.d4 Nf6 2.c4 g6 3.Nc3 Bg7 4.e4 O-O 5.Be2 d6 6.Bg5 Na6 7.Qd2 Qe8 8.Bd3 e5 
9.d5 Nh5 10.Nge2 f5 11.f3 f4 12.Bh4 Bf6 13.Bf2 Qe7 14.h4 c5 15.a3 Nc7 16.
b4 b6 17.Rb1 Bd7 18.Bc2 Rfb8 19.Qd1 Qe8 20.bxc5 bxc5 21.Kd2 Rxb1 22.Qxb1 
Rb8 23.Qa2 Na8 24.Rb1 Nb6 25.a4 a5 26.Nb5 Qe7 27.Rh1 Qf8 28.Kd3 Bd8 29.Rb1
Na8 30.Qa1 Nf6 31.Rb3 Nb6 32.Rb2 Nxe4 33.fxe4 f3 34.gxf3 Qxf3+ 35.Be3 Nxc4
36.Kxc4 Qxe2+ 0-1

[Event "EU-ch U20"]
[Site "Aviles"]
[Date "2000.08.20"]
[Round "5"]
[White "Kallio, Heikki"]
[Black "Mah, Karl"]
[Result "1-0"]
[WhiteElo "2451"]
[BlackElo "2411"]
[EventDate "2000.08.18"]
[PlyCount "99"]

1.e4 c5 2.Nf3 d6 3.Nc3 Nf6 4.Bb5+ Bd7 5.Bxd7+ Nbxd7 6.O-O g6 7.d3 Bg7 8.
Bg5 Ne5 9.Nxe5 dxe5 10.a4 O-O 11.b3 h6 12.Be3 Nd7 13.Kh1 Kh7 14.Qd2 Qa5 
15.Nd5 Qxd2 16.Bxd2 e6 17.Ne3 Rfd8 18.Rfb1 a5 19.Nc4 b6 20.Kg1 Ra6 21.Kf1 
Rf8 22.Ke2 Nb8 23.Bc3 Nc6 24.g4 Nd4+ 25.Bxd4 exd4 26.f4 Bf6 27.e5 Bd8 28.
f5 Bc7 29.Rf1 Raa8 30.f6 Rfd8 31.Kf3 Rd5 32.Ke4 Rg8 33.Rf3 Rh8 34.Rh3 Rdd8
35.Rg1 Rdg8 36.Rgg3 g5 37.Rh5 Rg6 38.Rg1 Kg8 39.Rh1 Kf8 40.h4 gxh4 41.
R1xh4 Rhg8 42.Kf3 Rg5 43.Rxg5 hxg5 44.Rh7 Ke8 45.Ke4 Kf8 46.Nd2 Ke8 47.Nf3
Kf8 48.Rh5 Ke8 49.Rxg5 Rh8 50.Rh5 1-0

[Event "EU-ch U20"]
[Site "Aviles"]
[Date "2000.08.20"]
[Round "5"]
[White "Antoniewski, Rafal"]
[Black "Andres Gonzalez, Alberto"]
[Result "1/2-1/2"]
[WhiteElo "2446"]
[BlackElo "2362"]
[EventDate "2000.08.18"]
[PlyCount "82"]

1.e4 e5 2.Nf3 Nf6 3.Nxe5 d6 4.Nf3 Nxe4 5.d4 d5 6.Bd3 Nc6 7.O-O Be7 8.c4 
O-O 9.cxd5 Qxd5 10.Nc3 Nxc3 11.bxc3 Bg4 12.Rb1 Bxf3 13.Qxf3 Qxf3 14.gxf3 
Rab8 15.Re1 Bd6 16.Be3 b6 17.Bf1 Ne7 18.c4 Nf5 19.Bd3 Nxe3 20.fxe3 g6 21.
f4 c5 22.d5 f5 23.Kg2 Be7 24.Kf3 Kg7 25.a4 a5 26.Re2 Rf6 27.Reb2 Bd8 28.
Rg2 Bc7 29.h4 h5 30.Rbg1 Kh6 31.Rg5 Re8 32.Bc2 Bd6 33.Rb1 Bc7 34.Rbg1 Bd6 
35.Bd3 Bc7 36.Rb1 Ref8 37.Rg2 Re8 38.Re1 Bd6 39.Rd1 Rd8 40.Bb1 Bc7 41.Rdg1
Re8 1/2-1/2

[Event "EU-ch U20"]
[Site "Aviles"]
[Date "2000.08.20"]
[Round "5"]
[White "Colin, Vincent"]
[Black "Dottling, Fabian"]
[Result "0-1"]
[WhiteElo "2294"]
[BlackElo "2473"]
[EventDate "2000.08.18"]
[PlyCount "92"]

1.e4 c6 2.d4 d5 3.exd5 cxd5 4.c4 Nf6 5.Nc3 e6 6.Nf3 Be7 7.cxd5 Nxd5 8.Bd3 
Nc6 9.O-O O-O 10.Re1 Nf6 11.a3 b6 12.Bc2 Ba6 13.Ne4 Rc8 14.Neg5 Qd5 15.Bf4
h6 16.Ne4 Rfd8 17.Nc3 Qd7 18.Ba4 Qb7 19.Qd2 Bf8 20.Rad1 Bc4 21.Be5 Nxe5 
22.Nxe5 b5 23.Nxc4 bxc4 24.Qe2 Qb6 25.Bb5 Rxd4 26.Rxd4 Qxd4 27.Rc1 Nd5 28.
Nd1 Nf4 29.Qf1 Nd3 30.Rc2 Rc5 31.a4 Bd6 32.g3 Ne5 33.Qe2 Qd5 34.Rc3 g5 35.
h3 Bc7 36.Re3 Ba5 37.f4 gxf4 38.gxf4 Ng6 39.Re4 c3 40.bxc3 Bxc3 41.Bd3 
Bd4+ 42.Kh2 Qd6 43.Qg4 Bg7 44.Nf2 Rf5 45.Rc4 Rxf4 46.Rxf4 Qxf4+ 0-1

[Event "EU-ch U20"]
[Site "Aviles"]
[Date "2000.08.20"]
[Round "5"]
[White "Gonzalez Menendez, Ivan"]
[Black "De Vreugt, Dennis"]
[Result "0-1"]
[WhiteElo "2242"]
[BlackElo "2511"]
[EventDate "2000.08.18"]
[PlyCount "60"]

1.e4 c5 2.Nf3 Nc6 3.d4 cxd4 4.Nxd4 Nf6 5.Nc3 d6 6.g3 g6 7.Nde2 Bg7 8.Bg2 
O-O 9.O-O a6 10.b3 Bg4 11.Bb2 Qd7 12.Qe1 b5 13.Nd5 Nxd5 14.Bxg7 Ne3 15.
Bxf8 Nxg2 16.Kxg2 Bh3+ 17.Kg1 Bxf1 18.Qxf1 Rxf8 19.Nf4 g5 20.Nd5 f5 21.c4 
Ne5 22.Qh3 e6 23.Ne3 fxe4 24.Qh6 Qf7 25.Rf1 Kh8 26.cxb5 axb5 27.a4 bxa4 
28.bxa4 d5 29.Nc2 Nf3+ 30.Kg2 Nd2 0-1

[Event "EU-ch U20"]
[Site "Aviles"]
[Date "2000.08.20"]
[Round "5"]
[White "Reinaldo Castineira, Roi"]
[Black "Castaldo, Folco"]
[Result "1-0"]
[WhiteElo "2416"]
[BlackElo "2227"]
[EventDate "2000.08.18"]
[PlyCount "55"]

1.d4 Nf6 2.Bg5 b6 3.Nc3 Bb7 4.Nf3 g6 5.d5 Bg7 6.e4 d6 7.Qd2 O-O 8.Bh6 Re8 
9.Bxg7 Kxg7 10.O-O-O c6 11.h4 h5 12.Ng5 b5 13.dxc6 Nxc6 14.Bxb5 Qb6 15.Bc4
Ne5 16.Bb3 Rec8 17.Qd4 Qa6 18.f4 Nc4 19.e5 dxe5 20.fxe5 Ng4 21.Rhf1 f6 22.
exf6+ Nxf6 23.Rde1 e5 24.Bxc4 exd4 25.Bxa6 Bxa6 26.Re7+ Kg8 27.Rxf6 dxc3 
28.Rxg6+ 1-0

[Event "EU-ch U20"]
[Site "Aviles"]
[Date "2000.08.20"]
[Round "5"]
[White "Fernandez Romero, Ernesto"]
[Black "Rigo, Zsolt"]
[Result "1-0"]
[WhiteElo "2383"]
[BlackElo "2224"]
[EventDate "2000.08.18"]
[PlyCount "87"]

1.e4 c5 2.Nf3 Nc6 3.d4 cxd4 4.Nxd4 g6 5.c4 Bg7 6.Be3 Nf6 7.Nc3 O-O 8.Be2 
d6 9.O-O Bd7 10.Qd2 Nxd4 11.Bxd4 Bc6 12.f3 a5 13.Be3 Nd7 14.Rab1 Nc5 15.b3
Qb6 16.Kh1 Rfc8 17.a3 Qd8 18.Bd1 h5 19.Bc2 Kh7 20.Rfd1 Qh8 21.Nd5 Bxd5 22.
exd5 Bc3 23.Qe2 Qf6 24.f4 Kg7 25.Rf1 Bd4 26.Bd2 Rh8 27.Rbe1 Kf8 28.Qf3 b6 
29.b4 axb4 30.axb4 Nd7 31.Qd3 Bb2 32.Qh3 Ke8 33.Rf3 Kd8 34.Rb3 Kc7 35.Qd3 
Qd4 36.Qe2 Rhe8 37.Be3 Qf6 38.Qd3 Reb8 39.Rb1 Ra2 40.Bd1 Ba1 41.c5 dxc5 
42.bxc5 bxc5 43.Rxb8 Nxb8 44.Rxb8 1-0

[Event "EU-ch U20"]
[Site "Aviles"]
[Date "2000.08.20"]
[Round "5"]
[White "Fluvia Poyatos, Joan"]
[Black "Cheparinov, Ivan"]
[Result "1-0"]
[WhiteElo "2403"]
[BlackElo "2189"]
[EventDate "2000.08.18"]
[PlyCount "121"]

1.e4 c5 2.Nf3 d6 3.d4 cxd4 4.Nxd4 Nf6 5.Nc3 g6 6.Be3 Bg7 7.Be2 Nc6 8.O-O 
O-O 9.Nb3 Be6 10.f4 Qc8 11.Qe1 Ng4 12.Bxg4 Bxg4 13.f5 gxf5 14.h3 f4 15.
Rxf4 Be6 16.Nd5 Qd7 17.Rh4 Ne5 18.Bh6 Ng6 19.Bxg7 Kxg7 20.Rh5 Bxd5 21.Qe3 
Bxb3 22.Qh6+ Kf6 23.Rf1+ Ke6 24.Qg5 d5 25.e5 f5 26.Rxh7 Nxe5 27.axb3 Rf6 
28.Re1 Qd6 29.Qf4 Re8 30.c3 b6 31.Rg7 Ref8 32.Rxe5+ Qxe5 33.Rxe7+ Kxe7 34.
Qxe5+ Re6 35.Qc7+ Kf6 36.Qxa7 Rfe8 37.Qd7 Re5 38.Kh2 Kg6 39.h4 R8e7 40.Qd8
R7e6 41.Qg8+ Kh6 42.Kh3 Re8 43.Qf7 R8e6 44.g3 Rg6 45.Qc7 Re4 46.Qd8 Kg7 
47.Qd7+ Kf6 48.Qxd5 Reg4 49.Qd6+ Kg7 50.Qd3 Kh6 51.c4 f4 52.gxf4 Rxf4 53.
Qe3 Rg4 54.Qxb6+ Rg6 55.Qe3 Rg4 56.Qe1 Rg6 57.Qd2 Rg4 58.Qd6+ Kh5 59.Qe5+ 
Kg6 60.Qe6+ Kh5 61.Qe8+ 1-0

[Event "EU-ch U20"]
[Site "Aviles"]
[Date "2000.08.20"]
[Round "5"]
[White "Suarez Real, Alberto"]
[Black "Izoria, Zviad"]
[Result "1/2-1/2"]
[WhiteElo "2116"]
[BlackElo "2450"]
[EventDate "2000.08.18"]
[PlyCount "65"]

1.e4 c5 2.Nf3 e6 3.c3 Nf6 4.e5 Nd5 5.d4 cxd4 6.cxd4 d6 7.Bd3 Nb4 8.Bg5 Be7
9.Bxe7 Qxe7 10.O-O O-O 11.Nc3 dxe5 12.Nxe5 Nxd3 13.Qxd3 Rd8 14.Rad1 Nd7 
15.Qf3 Rb8 16.Rfe1 Nxe5 17.dxe5 Bd7 18.Qe3 Bc6 19.Ne4 Bxe4 20.Qxe4 g6 21.
Qa4 Qc5 22.g3 b5 23.Qa5 Rxd1 24.Rxd1 Qxe5 25.Qxa7 Rc8 26.Qd4 Qf5 27.Qd3 
Rc2 28.Qxf5 gxf5 29.Rb1 Kg7 30.a3 Kf6 31.b4 Rc3 32.Ra1 Rb3 33.Rc1 1/2-1/2

[Event "EU-ch U20"]
[Site "Aviles"]
[Date "2000.08.20"]
[Round "5"]
[White "Zenklusen, Rico"]
[Black "Navarro Cia, Miguel"]
[Result "1/2-1/2"]
[WhiteElo "2221"]
[BlackElo "2307"]
[EventDate "2000.08.18"]
[PlyCount "38"]

1.e4 Nf6 2.Nc3 d5 3.e5 Nfd7 4.d4 c5 5.f4 Nc6 6.Nf3 cxd4 7.Nxd4 Nxd4 8.Qxd4
e6 9.Be3 Bc5 10.Qd2 Bxe3 11.Qxe3 Qb6 12.Qxb6 Nxb6 13.Nb5 Ke7 14.O-O-O Bd7 
15.Nd4 Nc4 16.Rd3 Rac8 17.Rg3 g6 18.h4 h5 19.Be2 Bc6 1/2-1/2

[Event "EU-ch U20"]
[Site "Aviles"]
[Date "2000.08.20"]
[Round "5"]
[White "Moreno Tejera, Emilio"]
[Black "Bitansky, Igor"]
[Result "0-1"]
[WhiteElo "2139"]
[BlackElo "2359"]
[EventDate "2000.08.18"]
[PlyCount "76"]

1.e4 g6 2.d4 Bg7 3.Nc3 d6 4.f4 Nf6 5.Nf3 O-O 6.Be3 a6 7.e5 Ng4 8.Bg1 c5 9.
dxc5 dxe5 10.h3 Nh6 11.fxe5 Nc6 12.Qe2 Nf5 13.Bf2 Nfd4 14.Nxd4 Nxd4 15.Qd3
Nc6 16.O-O-O Qa5 17.Qc4 Be6 18.Qa4 Qc7 19.Bc4 Bxc4 20.Qxc4 Nxe5 21.Qb3 e6 
22.Qb6 Qe7 23.Kb1 Rac8 24.Qb3 Rfd8 25.Ne4 Rd7 26.Rxd7 Qxd7 27.Nd6 Rb8 28.
Rd1 Qc6 29.g4 Nd7 30.Qe3 b6 31.Qf4 Rf8 32.cxb6 Nxb6 33.Ne4 Nd5 34.Qd2 Rd8 
35.Qe2 Rb8 36.Bd4 Bxd4 37.Rxd4 Qb6 38.c3 Nxc3+ 0-1

[Event "EU-ch U20"]
[Site "Aviles"]
[Date "2000.08.20"]
[Round "5"]
[White "Dovliatov, Sanan"]
[Black "Magalhaes, Pedro"]
[Result "1-0"]
[WhiteElo "2360"]
[BlackElo "2131"]
[EventDate "2000.08.18"]
[PlyCount "77"]

1.e4 c5 2.Nf3 d6 3.d4 cxd4 4.Nxd4 Nf6 5.f3 e6 6.c4 Be7 7.Nc3 O-O 8.Be2 Nc6
9.Be3 d5 10.Nxc6 bxc6 11.O-O Bb4 12.e5 Nd7 13.f4 Qa5 14.Bd2 Ba6 15.a3 Qb6+
16.Kh1 Be7 17.Na4 Qc7 18.Rc1 Nb6 19.Nxb6 Qxb6 20.cxd5 Bxe2 21.Qxe2 cxd5 
22.Be3 d4 23.Bg1 a5 24.Rc4 Rfd8 25.Rd1 Bc5 26.Qd3 Rac8 27.Rdc1 Qa6 28.Rxc5
Qxd3 29.Rxc8 Rf8 30.R8c4 Qd2 31.Bxd4 g6 32.Bc5 Rd8 33.b4 axb4 34.axb4 Qb2 
35.Be7 Ra8 36.Rc8+ Rxc8 37.Rxc8+ Kg7 38.Bf8+ Kg8 39.Bh6# 1-0

[Event "EU-ch U20"]
[Site "Aviles"]
[Date "2000.08.20"]
[Round "5"]
[White "Bucher, Denis"]
[Black "Sanchez Aller, Fernando"]
[Result "1/2-1/2"]
[WhiteElo "2350"]
[BlackElo "2137"]
[EventDate "2000.08.18"]
[PlyCount "71"]

1.e4 e5 2.Nf3 Nc6 3.d4 exd4 4.Nxd4 Nf6 5.Nxc6 bxc6 6.e5 Qe7 7.Qe2 Nd5 8.c4
Ba6 9.b3 g6 10.f4 f6 11.exf6 Nxf6 12.Bb2 O-O-O 13.Nd2 d5 14.O-O-O d4 15.
Re1 Qxe2 16.Bxe2 Bb4 17.Bf3 c5 18.Re6 Rd6 19.Rhe1 Rhd8 20.Rxd6 Rxd6 21.Re5
Bb7 22.Bxb7+ Kxb7 23.Ne4 Nxe4 24.Rxe4 Ra6 25.a4 Rd6 26.Kc2 d3+ 27.Kd1 d2 
28.Re3 Kb6 29.g4 Kc6 30.f5 gxf5 31.gxf5 Kd7 32.Rh3 Ke8 33.Re3+ Kf7 34.f6 
Re6 35.Rxe6 Kxe6 36.Ke2 1/2-1/2

[Event "EU-ch U20"]
[Site "Aviles"]
[Date "2000.08.20"]
[Round "5"]
[White "Andres Gonzalez, Ivan"]
[Black "Vink, Nico"]
[Result "0-1"]
[WhiteElo "2176"]
[BlackElo "2296"]
[EventDate "2000.08.18"]
[PlyCount "80"]

1.e4 c5 2.Nf3 d6 3.d4 cxd4 4.Nxd4 Nf6 5.Nc3 a6 6.Bg5 e6 7.f4 Be7 8.Qf3 Qc7
9.O-O-O Nbd7 10.g4 b5 11.Bxf6 Nxf6 12.g5 Nd7 13.f5 Bxg5+ 14.Kb1 Ne5 15.Qh5
Qd8 16.Nxe6 Bxe6 17.fxe6 g6 18.exf7+ Kxf7 19.Qe2 Kg7 20.Bh3 Re8 21.Rhf1 
Ra7 22.Qf2 Rc7 23.Nd5 Rc5 24.Nf4 Bxf4 25.Qxf4 Qe7 26.Rd5 Nc4 27.b3 Rxd5 
28.exd5 Qe1+ 29.Rxe1 Rxe1+ 30.Qc1 Rxc1+ 31.Kxc1 Nb6 32.c4 bxc4 33.bxc4 Kf6
34.Bf1 Ke5 35.Kc2 Kd4 36.c5 Kxc5 37.Bxa6 Nxd5 38.a3 Ne3+ 39.Kd3 Ng4 40.h4 
d5 0-1

[Event "EU-ch U20"]
[Site "Aviles"]
[Date "2000.08.20"]
[Round "5"]
[White "Perez Candelario, Manuel"]
[Black "Kobler, Mario"]
[Result "1-0"]
[WhiteElo "2300"]
[BlackElo "2166"]
[EventDate "2000.08.18"]
[PlyCount "73"]

1.e4 c5 2.Nf3 d6 3.d4 cxd4 4.Nxd4 Nf6 5.Nc3 a6 6.Be3 e5 7.Nb3 Be6 8.Qd2 
Be7 9.O-O-O Nbd7 10.f3 Rc8 11.g4 b5 12.g5 b4 13.Ne2 Nh5 14.Ng3 Nxg3 15.
hxg3 a5 16.Kb1 Rb8 17.Bh3 Bc4 18.Nc1 a4 19.b3 Ba6 20.Bf5 g6 21.Bxd7+ Qxd7 
22.Rh6 Bf8 23.Rh4 Qc7 24.Rdh1 axb3 25.cxb3 Rc8 26.Nd3 Bxd3+ 27.Qxd3 Qc3 
28.Qb5+ Kd8 29.Qe2 Qc7 30.Rxh7 Rxh7 31.Rxh7 Qb7 32.Qd2 Ke7 33.Rh1 Kd7 34.
Rd1 Rc3 35.Qe2 Qc6 36.Bd2 Rc2 37.Qd3 1-0

[Event "EU-ch U20"]
[Site "Aviles"]
[Date "2000.08.20"]
[Round "5"]
[White "Biti, Ozren"]
[Black "Gomez Gomez, Salvador"]
[Result "1/2-1/2"]
[WhiteElo "2323"]
[BlackElo "2095"]
[EventDate "2000.08.18"]
[PlyCount "58"]

1.e4 e6 2.d4 d5 3.Nd2 c5 4.exd5 exd5 5.Bb5+ Bd7 6.Bxd7+ Nxd7 7.dxc5 Nxc5 
8.Ngf3 Nf6 9.O-O Be7 10.Re1 O-O 11.Nf1 Nce4 12.Be3 Ng4 13.Bd4 Bf6 14.h3 
Bxd4 15.Qxd4 Ngf6 16.Ne3 Re8 17.Red1 Qc7 18.c3 Red8 19.Ne5 b6 20.N3g4 Rac8
21.Ne3 Re8 22.N5g4 Rcd8 23.Rd3 h5 24.Nxf6+ Nxf6 25.f3 Rd7 26.Rad1 Qg3 27.
Nf1 Qg5 28.Re3 Rde7 29.Rde1 Rxe3 1/2-1/2

[Event "EU-ch U20"]
[Site "Aviles"]
[Date "2000.08.20"]
[Round "5"]
[White "Weber, Tom"]
[Black "Isik, Engin Yasar"]
[Result "0-1"]
[WhiteElo "2067"]
[BlackElo "2120"]
[EventDate "2000.08.18"]
[PlyCount "74"]

1.e4 c5 2.Nf3 Nc6 3.d4 cxd4 4.Nxd4 e5 5.Nb5 d6 6.c4 Be7 7.N1c3 a6 8.Na3 f5
9.exf5 Bxf5 10.Be2 Nf6 11.O-O O-O 12.Be3 Be6 13.Nd5 Kh8 14.Qd2 Ne4 15.Qd1 
Nf6 16.Nc2 b5 17.Nxf6 Bxf6 18.cxb5 axb5 19.Bxb5 Na7 20.Be2 Qb8 21.b4 d5 
22.Bc5 Rd8 23.f4 Nc6 24.b5 Na5 25.fxe5 Bxe5 26.Nd4 Bxh2+ 27.Kh1 Bg8 28.Nf3
Bg3 29.Ng5 Qe5 30.Nf7+ Bxf7 31.Rxf7 Nb3 32.Bf8 Rxf8 33.Rxf8+ Rxf8 34.axb3 
h6 35.Ra4 Re8 36.Ra2 Qg5 37.Qd4 Qc1+ 0-1

[Event "EU-ch U20"]
[Site "Aviles"]
[Date "2000.08.20"]
[Round "5"]
[White "Bruned Carasco, Boris"]
[Black "Parkin, James"]
[Result "0-1"]
[WhiteElo "2004"]
[BlackElo "2140"]
[EventDate "2000.08.18"]
[PlyCount "78"]

1.e4 c5 2.Nf3 d6 3.d4 cxd4 4.Nxd4 Nf6 5.Nc3 Nc6 6.Be2 e5 7.Nf3 h6 8.O-O 
Be7 9.Re1 Be6 10.Bf1 O-O 11.h3 Rc8 12.Nd5 Bxd5 13.exd5 Nb4 14.c4 a5 15.a3 
Na6 16.Be3 Nd7 17.Rb1 f5 18.b4 axb4 19.axb4 Kh8 20.Qb3 Rg8 21.Rbc1 Qf8 22.
Qa4 Nab8 23.Qb5 g5 24.Qxb7 g4 25.hxg4 fxg4 26.Nd2 g3 27.fxg3 Rxg3 28.Bxh6 
Qg8 29.Ne4 Rg6 30.Be3 Rf8 31.Re2 Rg4 32.Ba7 Qh7 33.Nf2 Rh4 34.Bxb8 Nxb8 
35.c5 Qg7 36.Ne4 Qh6 37.Nf2 Qxc1 38.Qxe7 Qxf1+ 39.Kxf1 Rh1# 0-1

[Event "EU-ch U20"]
[Site "Aviles"]
[Date "2000.08.21"]
[Round "6"]
[White "Navara, David"]
[Black "Blehm, Pawel"]
[Result "1-0"]
[WhiteElo "2433"]
[BlackElo "2518"]
[EventDate "2000.08.18"]
[PlyCount "81"]

1.e4 c5 2.Nf3 d6 3.d4 cxd4 4.Nxd4 Nf6 5.Nc3 Nc6 6.Bg5 e6 7.Qd2 a6 8.O-O-O 
Be7 9.f4 Nxd4 10.Qxd4 b5 11.Bxf6 gxf6 12.e5 d5 13.Kb1 Bb7 14.f5 fxe5 15.
Qxe5 Bf6 16.Qg3 Qe7 17.fxe6 fxe6 18.Be2 h5 19.a4 Qg7 20.Qe3 Bxc3 21.Qxe6+ 
Qe7 22.Qxe7+ Kxe7 23.bxc3 bxa4 24.Rd4 Rhc8 25.Rxa4 Rxc3 26.Bxh5 Bc6 27.Rf4
Rh8 28.Bf3 a5 29.h4 a4 30.Re1+ Kd6 31.Kb2 Rc5 32.Rf6+ Kc7 33.Re7+ Kb6 34.
c4 Ka5 35.Ra7+ Kb6 36.Rd7 Ka5 37.Rdd6 Bb7 38.Rb6 Bc8 39.Bxd5 Rxh4 40.Rb8 
a3+ 41.Kb3 1-0

[Event "EU-ch U20"]
[Site "Aviles"]
[Date "2000.08.21"]
[Round "6"]
[White "Horvath, Adam"]
[Black "Iliushin, Alexei"]
[Result "1-0"]
[WhiteElo "2425"]
[BlackElo "2509"]
[EventDate "2000.08.18"]
[PlyCount "71"]

1.e4 c5 2.Nf3 e6 3.d4 cxd4 4.Nxd4 Nf6 5.Nc3 d6 6.Be2 a6 7.f4 Qc7 8.O-O Be7
9.Be3 O-O 10.Qe1 Nc6 11.Qg3 Nxd4 12.Bxd4 b5 13.a3 Bb7 14.Kh1 g6 15.f5 e5 
16.Be3 Kh8 17.Bg5 Qd8 18.Qh4 gxf5 19.Bg4 Ng8 20.Bxf5 h6 21.Bxe7 Qxe7 22.
Qh3 Qg5 23.Rad1 Rad8 24.Bd7 Qg6 25.Rd3 Bc8 26.Bf5 Bxf5 27.exf5 Qh7 28.f6 
Rfe8 29.Rg3 Qxc2 30.Qg4 Qh7 31.Nd5 Rc8 32.h3 Rc4 33.Qd7 Rec8 34.Kh2 Rc1 
35.Rxc1 Rxc1 36.Qe8 1-0

[Event "EU-ch U20"]
[Site "Aviles"]
[Date "2000.08.21"]
[Round "6"]
[White "Dottling, Fabian"]
[Black "Pert, Nicholas"]
[Result "1/2-1/2"]
[WhiteElo "2473"]
[BlackElo "2455"]
[EventDate "2000.08.18"]
[PlyCount "24"]

1.Nf3 Nf6 2.c4 e6 3.b3 d5 4.Bb2 c5 5.e3 Nc6 6.cxd5 exd5 7.Bb5 Qb6 8.Qe2 a6
9.Ba4 Qc7 10.Bxc6+ Qxc6 11.O-O Be7 12.d4 b6 1/2-1/2

[Event "EU-ch U20"]
[Site "Aviles"]
[Date "2000.08.21"]
[Round "6"]
[White "Sedlak, Nikola"]
[Black "Halkias, Stelios"]
[Result "1-0"]
[WhiteElo "2423"]
[BlackElo "2502"]
[EventDate "2000.08.18"]
[PlyCount "73"]

1.e4 c5 2.Nf3 Nc6 3.d4 cxd4 4.Nxd4 Qc7 5.Nb5 Qb8 6.Bd3 Nf6 7.f4 d6 8.O-O 
g6 9.Kh1 Bg7 10.Qe1 O-O 11.Qh4 d5 12.e5 Ne4 13.N5c3 Nxc3 14.Nxc3 Rd8 15.
Ne2 Qc7 16.Be3 d4 17.Bd2 a5 18.a3 b6 19.Ng3 Ba6 20.Ne4 h5 21.g4 hxg4 22.
Ng5 Bxd3 23.Qh7+ Kf8 24.cxd3 Qb7 25.e6 Rd6 26.Kg1 fxe6 27.Qxg6 Nd8 28.f5 
exf5 29.Rxf5+ Rf6 30.Nh7+ Kg8 31.Nxf6+ exf6 32.Qe8+ Bf8 33.Rxf6 Nf7 34.Qe6
Bg7 35.Rf5 Ra7 36.Raf1 Qd7 37.Qg6 1-0

[Event "EU-ch U20"]
[Site "Aviles"]
[Date "2000.08.21"]
[Round "6"]
[White "Moiseenko, Olexandr"]
[Black "Biti, Ozren"]
[Result "1-0"]
[WhiteElo "2582"]
[BlackElo "2323"]
[EventDate "2000.08.18"]
[PlyCount "93"]

1.d4 d6 2.e4 Nf6 3.f3 e5 4.dxe5 dxe5 5.Qxd8+ Kxd8 6.Bc4 Ke8 7.Be3 Nbd7 8.
Nc3 c6 9.Nge2 Bc5 10.Kf2 Bxe3+ 11.Kxe3 Nc5 12.g3 Be6 13.Bxe6 Nxe6 14.f4 
Ke7 15.f5 Nc5 16.Nc1 Rhd8 17.b4 Ncd7 18.Nd3 Ne8 19.g4 Nd6 20.g5 a5 21.a4 
Nc4+ 22.Ke2 axb4 23.Nxb4 Ndb6 24.Nd3 Ra5 25.Rhb1 Kd7 26.Rb4 Kc7 27.Rab1 
Rd4 28.h4 Rd8 29.h5 Rd7 30.R1b3 Ra7 31.Nxe5 Nxe5 32.Rxb6 Rd2+ 33.Kxd2 Nc4+
34.Ke2 Nxb6 35.Rb4 Ra5 36.Ke3 g6 37.Kf4 Rc5 38.Rb3 gxf5 39.exf5 Rc4+ 40.
Ne4 Rxa4 41.g6 fxg6 42.fxg6 hxg6 43.hxg6 Nd5+ 44.Ke5 Ra5 45.g7 Ne7+ 46.Ke6
Ng8 47.Rh3 1-0

[Event "EU-ch U20"]
[Site "Aviles"]
[Date "2000.08.21"]
[Round "6"]
[White "Jenni, Florian"]
[Black "Berg, Emanuel"]
[Result "1/2-1/2"]
[WhiteElo "2440"]
[BlackElo "2456"]
[EventDate "2000.08.18"]
[PlyCount "31"]

1.e4 e6 2.d4 d5 3.Nc3 Bb4 4.e5 c5 5.a3 Bxc3+ 6.bxc3 Qc7 7.Qg4 f5 8.Qg3 Ne7
9.Qxg7 Rg8 10.Qxh7 cxd4 11.Kd1 Bd7 12.Bd3 Qxc3 13.Qh5+ Ng6 14.Qh7 Ne7 15.
Qh5+ Ng6 16.Qh7 1/2-1/2

[Event "EU-ch U20"]
[Site "Aviles"]
[Date "2000.08.21"]
[Round "6"]
[White "Smirnov, Pavel"]
[Black "Mateuta, Gabriel"]
[Result "1/2-1/2"]
[WhiteElo "2487"]
[BlackElo "2409"]
[EventDate "2000.08.18"]
[PlyCount "43"]

1.e4 g6 2.d4 Bg7 3.Nc3 d6 4.f4 Nf6 5.Nf3 O-O 6.Be3 b6 7.Bd3 c5 8.d5 Na6 9.
O-O Nc7 10.a4 a6 11.Qe1 Rb8 12.f5 b5 13.axb5 axb5 14.fxg6 fxg6 15.Qh4 Bg4 
16.e5 Bxf3 17.Rxf3 dxe5 18.Bxc5 Ncxd5 19.Nxd5 Qxd5 20.Bxe7 e4 21.Bxf8 Rxf8
22.Rxf6 1/2-1/2

[Event "EU-ch U20"]
[Site "Aviles"]
[Date "2000.08.21"]
[Round "6"]
[White "Bitansky, Igor"]
[Black "Antoniewski, Rafal"]
[Result "0-1"]
[WhiteElo "2359"]
[BlackElo "2446"]
[EventDate "2000.08.18"]
[PlyCount "148"]

1.e4 c5 2.Nf3 e6 3.d4 cxd4 4.Nxd4 a6 5.Bd3 Qb6 6.Nb3 Qc7 7.O-O Nf6 8.c4 d6
9.Nc3 Nbd7 10.f4 b6 11.Be3 Be7 12.Qe2 Bb7 13.Rac1 Nc5 14.Nxc5 bxc5 15.Rce1
O-O 16.g4 Nd7 17.g5 Rfe8 18.Qh5 g6 19.Qh4 Bf8 20.Rf3 Bg7 21.Rh3 Nf8 22.f5 
exf5 23.exf5 Bxc3 24.bxc3 Qc6 25.Re2 Re5 26.f6 h5 27.gxh6 Kh7 28.Rg3 Rae8 
29.Kf2 R8e6 30.Bg5 Rxe2+ 31.Bxe2 Qh1 32.Re3 Qg2+ 33.Ke1 Qg1+ 34.Kd2 Qb1 
35.a4 Qa2+ 36.Ke1 Qxa4 37.Qh3 Qc2 38.Bg4 Qxc3+ 39.Kf2 Qd2+ 40.Be2 Qd4 41.
Ke1 a5 42.Rxe6 Nxe6 43.Qxe6 fxe6 44.f7 Qc3+ 45.Kf2 Qd4+ 46.Ke1 Qg1+ 47.Bf1
Qxg5 48.f8=Q Qc1+ 49.Kf2 Qxh6 50.Qxd6 Qh4+ 51.Ke3 Qe4+ 52.Kd2 Qd4+ 53.Qxd4
cxd4 54.Bh3 e5 55.Bd7 e4 56.c5 Ba6 57.c6 e3+ 58.Kc1 Bb5 59.Be8 d3 60.c7 
Ba6 61.Bd7 d2+ 62.Kd1 Bb7 63.Ke2 Ba6+ 64.Kd1 Kh6 65.c8=Q Bxc8 66.Bxc8 a4 
67.Ke2 Kg5 68.Be6 Kf4 69.Ba2 g5 70.Bf7 a3 71.Bb3 Ke4 72.Bg8 Kd4 73.Kd1 Kd3
74.Bh7+ Kc3 0-1

[Event "EU-ch U20"]
[Site "Aviles"]
[Date "2000.08.21"]
[Round "6"]
[White "Guseinov, Gadir"]
[Black "Fernandez Romero, Ernesto"]
[Result "1-0"]
[WhiteElo "2421"]
[BlackElo "2383"]
[EventDate "2000.08.18"]
[PlyCount "61"]

1.e4 e6 2.Nf3 d5 3.Nc3 Nf6 4.e5 Ne4 5.Nb1 Bc5 6.d4 Be7 7.Bd3 c5 8.c3 cxd4 
9.cxd4 Qa5+ 10.Nbd2 Bd7 11.O-O Nxd2 12.Bxd2 Qb6 13.Re1 Bb5 14.Bc2 a5 15.
Ng5 Nc6 16.Qh5 g6 17.Qf3 Rf8 18.Nxh7 Nxd4 19.Qd1 Nxc2 20.Qxc2 Rh8 21.Nf6+ 
Bxf6 22.exf6 Kd7 23.Qb3 Qc6 24.Rac1 Bc4 25.Qa3 Qd6 26.Qxd6+ Kxd6 27.b3 Ba6
28.Bf4+ Kd7 29.Rc7+ Ke8 30.Bd6 Rd8 31.Rxe6+ 1-0

[Event "EU-ch U20"]
[Site "Aviles"]
[Date "2000.08.21"]
[Round "6"]
[White "Mah, Karl"]
[Black "Dovliatov, Sanan"]
[Result "1/2-1/2"]
[WhiteElo "2411"]
[BlackElo "2360"]
[EventDate "2000.08.18"]
[PlyCount "23"]

1.d4 f5 2.g3 Nf6 3.Bg2 g6 4.c4 Bg7 5.Nc3 O-O 6.Nh3 e6 7.O-O d6 8.Nf4 c6 9.
Nd3 Nbd7 10.Qb3 e5 11.dxe5 dxe5 12.Rd1 1/2-1/2